Generic URLs Quiz Stats

 Plays Quiz Updated Mar 31, 2020

     
Support Sporcle.
Go Orange.
Score 0/24 Timer 06:00
0 Plays Today
URL Company/Brand % Correct
www.tuna.comBumble Bee
82%
www.bleach.comThe Clorox Company
63.7%
www.soups.comCampbells Soups
63.1%
www.fruit.comFruit of the Loom
58.8%
www.toothpaste.comCrest Toothpaste
58%
www.books.comBarnes & Noble
51.6%
www.peanutbutter.comSkippy
46.3%
www.mobile.comAT&T
23%
www.bubblegum.comMars
20.6%
www.hunting.comBass Pro Shops
18.3%
www.sauce.comKnorr
16.7%
www.motorcycles.comHonda Motor Company
15.7%
URL Company/Brand % Correct
www.towels.comBounty Paper Towels
13.9%
www.pickles.comClaussen
11.8%
www.underwear.comCalvin Klein (underwear)
9.4%
www.newton.comApple
8%
www.beds.comSleep Number
6.6%
www.scotch.comJohnnie Walker
6.2%
www.coffee.comPeets Coffee and Tea
4.8%
www.tires.comDiscount Tire Company
4.2%
www.dogfood.comPetsmart
4.1%
www.baking.comLand O' Lakes
3.9%
www.burgers.comCarls Jr.
3.8%
www.pc.comIntel
3.3%

From the Vault

Pokémon Alphabet

by xxDUNE

Gaming 7m
Once you've caught every Pokémon, what do you do with your life after that? Retire?
Remove Ads.
Support Sporcle.
Get the best of Sporcle when you Go Orange. This ad-free experience offers more features, more stats, and more fun while also helping to support Sporcle. Thank you for becoming a member.

Show Comments

Extras

Top Quizzes Today


Score Distribution

Your Account Isn't Verified!

In order to create a playlist on Sporcle, you need to verify the email address you used during registration. Go to your Sporcle Settings to finish the process.

Report this User

Report this user for behavior that violates our Community Guidelines.

Details: